Largest Cities in East Africa - Statistics

General Stats
  • This quiz has been taken 30 times
  • The average score is 20 of 25
Answers on the Map
Answers color-coded by a green-red scale on the quiz's map according to % correct below.
 
Answer Stats
Answer % Correct
Addis Ababa
96%
Djibouti
96%
Antananarivo
92%
Harare
92%
Khartoum
92%
Kigali
92%
Maputo
92%
Asmara
88%
Dar es Salaam
88%
Juba
88%
Mogadishu
88%
Mombasa
88%
Nairobi
88%
Bujumbura
83%
Kampala
83%
Lusaka
83%
Aswan
79%
Lilongwe
79%
Dire Dawa
71%
Hargeisa
67%
Mwanza
67%
Blantyre
63%
Arusha
58%
Kisumu
58%
Nampula
58%
No matching quizzes found
Score Distribution
Percent of People with Each Score
Percentile by Number Answered
Your Score History
You have not taken this quiz